Countries with embassies and consulates in Sri Lanka - Statistics

General Stats
  • This quiz has been taken 98 times
  • The average score is 32 of 40
Answer Stats
Continent Country % Correct
Europe United Kingdom
99%
Oceania Australia
97%
North America Canada
96%
Asia China
96%
North America United States of America
96%
Europe Germany
95%
Asia India
95%
Europe France
93%
Asia Indonesia
93%
Asia/ Europe Russia
93%
South America Brazil
92%
Asia Iran
88%
Asia/ Europe Turkey
88%
Asia Japan
86%
Asia Pakistan
86%
Asia South Korea
86%
Europe Italy
85%
Africa South Africa
84%
Asia Bangladesh
82%
Asia Saudi Arabia
82%
Asia Iraq
79%
Asia Qatar
79%
Africa Egypt
78%
Asia Malaysia
78%
Asia United Arab Emirates
78%
Asia Nepal
77%
Asia Oman
77%
Asia Thailand
77%
Europe the Netherlands
75%
North America Cuba
73%
Asia Kuwait
71%
Asia Vietnam
71%
Europe Switzerland
70%
Asia the Maldives
70%
Asia Myanmar
64%
Europe Norway
64%
Europe Romania
56%
Africa Libya
47%
Africa Seychelles
41%
Asia Palestine
23%
No matching quizzes found
Score Distribution
Percent of People with Each Score
Percentile by Number Answered
Your Score History
You have not taken this quiz